Mots croisés - Pays #1 - Statistiques

Statistiques générales
  • Ce quiz a été pris 2 945 fois
  • Le résultat moyen est 6 sur 10
Statistiques - réponses
Pays % Correct
6 Finlande
98%
2 Chypre
77%
5 Equateur
71%
10 Macédoine
65%
7 Jordanie
48%
4 Mauritanie
47%
9 Rwanda
42%
8 Suriname
42%
3 Tadjikistan
40%
1 Vanuatu
31%
Aucun quiz correspondant
Distribution des résultats
% des personnes avec chaque résultat
Percentile par nombre de réponses
Votre historique - résultats
Vous n’avez pas pris ce quiz